00710nam a2200205 a 450000100060000000300090000600800410001502000150005604000280007108200180009910000320011724500650014926000390021430000090025359001250026265000490038765000390043694200120047599900170048720311CO-ViMGA141112s2004 ck r 000 u spa d a9583301183 aCO-ViMGAbspacCO-ViMGA04a364.157 P373s1 aPerez Gomez, Augusto92127010aSustancias Psicoactivas : bHistoria del consumo en Colombia aBogotá : bTercer Munndo, c1994 a275p aForma de adquisición : Donación Banco de la República - - Precio : 20000 - - Fecha de adquisición : Febrero 200514aABUSO DE DROGAS - HISTORIA - COLOMBIA92933714aDROGAS - CONSUMO - COLOMBIA929338 2ddccBK c29323d29323